An introduction to auction theory/ (Record no. 318445)

MARC details
000 -LEADER
fixed length control field 00993nam a2200337 a 4500
001 - CONTROL NUMBER
control field vtls000358698
003 - CONTROL NUMBER IDENTIFIER
control field NLI
005 - DATE AND TIME OF LATEST TRANSACTION
control field 20210602172413.0
008 - FIXED-LENGTH DATA ELEMENTS--GENERAL INFORMATION
fixed length control field 110113s2005 xxkd e 001 0 eng
020 ## - INTERNATIONAL STANDARD BOOK NUMBER
International Standard Book Number 019927598X
Terms of availability £ 30.00
039 #9 - LEVEL OF BIBLIOGRAPHIC CONTROL AND CODING DETAIL [OBSOLETE]
-- 201101132103
-- VLOAD
040 ## - CATALOGING SOURCE
Original cataloging agency NLI :
Language of cataloging eng
Transcribing agency NLMARC21
041 0# - LANGUAGE CODE
Language code of text/sound track or separate title eng
044 ## - COUNTRY OF PUBLISHING/PRODUCING ENTITY CODE
MARC country code xxk
082 04 - DEWEY DECIMAL CLASSIFICATION NUMBER
Classification number 381.17
Edition number 22
100 1# - MAIN ENTRY--PERSONAL NAME
Personal name Menezes, Flavio M.
9 (RLIN) 534192
245 13 - TITLE STATEMENT
Title An introduction to auction theory/
Statement of responsibility, etc. Flavio M. Menezes, Paulo K. Monteiro
260 ## - PUBLICATION, DISTRIBUTION, ETC.
Place of publication, distribution, etc. Oxford :
Name of publisher, distributor, etc. The University Press,
Date of publication, distribution, etc. 2005
300 ## - PHYSICAL DESCRIPTION
Extent xiii, 178 p.;
Dimensions 24 cm.
504 ## - BIBLIOGRAPHY, ETC. NOTE
Bibliography, etc. note Includes bibliographical references and index
650 #0 - SUBJECT ADDED ENTRY--TOPICAL TERM
Topical term or geographic name entry element Auctions
9 (RLIN) 345804
700 1# - ADDED ENTRY--PERSONAL NAME
Personal name Monteiro, Paulo K.
9 (RLIN) 534193
887 ## - NON-MARC INFORMATION FIELD
Content of non-MARC field syamal Kanti Biswas jgs
901 ## - LOCAL DATA ELEMENT A, LDA (RLIN)
a 555695
b 06.03.2007
902 ## - LOCAL DATA ELEMENT B, LDB (RLIN)
a E 381.17 M 524
904 ## - LOCAL DATA ELEMENT D, LDD (RLIN)
a syamal Kanti Biswas
905 ## - LOCAL DATA ELEMENT E, LDE (RLIN)
a jgs
942 ## - ADDED ENTRY ELEMENTS (KOHA)
Source of classification or shelving scheme Dewey Decimal Classification
Koha item type Books
949 ## - LOCAL PROCESSING INFORMATION (OCLC)
-- VIRTUAITEM
-- 10012
-- 100
6 PUR000555695ENG
Holdings
Withdrawn status Lost status Damaged status Not for loan Collection code Home library Current library Shelving location Date acquired Total Checkouts Full call number Barcode Date last seen Price effective from Koha item type
        New English National Library of India National Library of India New English - Main Stack Division     E 381.17 M 524 PUR000555695ENG 02/06/2021 02/06/2021 Books
                                                                           
web counter

Copyright ©2020 The National Library of India, Govt. of India ↔ Hosted by NVLI, MOC ↔ Technology and Design by National Library of India, Ministry of Culture, Govt. of India